000 00371nam a2200157Ia 4500
008 230312s9999||||xx |||||||||||||| ||und||
020 _a81-7029-255-5
082 _a005.13
_bKAN-C
100 _aYashavant Kanethkar
245 0 _aC project
260 _bBPB
_aNew Delhi
300 _a596
546 _aEng.
650 _aComputer
_vEasyedit-A screen Editors
942 _cBK
999 _c3145
_d3145